00548nam a2200205Ia 45000010006000000050017000060070003000230080041000260400025000670410008000920820023001001000026001232450059001492500014002082600038002223000027002606530021002876530015003086530019003231637520240113235709.0ta051217s1986 a g b000 u asm u aCotton College,Assan aasm a891.413bCh 349 Bi aChakraborty, Amulya . 0aBishabrikhya /cAmulya Chakraborty.hTextual Documents a1st ed. / aGuwahati :bBharat Press ,c1986. a153p. :bill ;c22cm . aAssamese Fiction aG-Assamese aAssamese Novel